Psychology for Graduates Nurses (Record no. 7787)

MARC details
000 -LEADER
fixed length control field 00398nam a22001457a 4500
008 - FIXED-LENGTH DATA ELEMENTS--GENERAL INFORMATION
fixed length control field 190404b ||||| |||| 00| 0 eng d
020 ## - INTERNATIONAL STANDARD BOOK NUMBER
International Standard Book Number 8184481403
082 ## - DEWEY DECIMAL CLASSIFICATION NUMBER
Classification number 610.73 A62p 2007
100 ## - MAIN ENTRY--PERSONAL NAME
Personal name Anthikad,Jacob
245 ## - TITLE STATEMENT
Title Psychology for Graduates Nurses
250 ## - EDITION STATEMENT
Edition statement 4th ed.
260 ## - PUBLICATION, DISTRIBUTION, ETC.
Place of publication, distribution, etc. New Delhi ;
Name of publisher, distributor, etc. Jaypee Brothers Medical Publishers,
Date of publication, distribution, etc. 2007.
300 ## - PHYSICAL DESCRIPTION
Extent xvii, 314 p.
Dimensions 21 cm.
942 ## - Added entry Elements (Koha)
Source of classification or shelving scheme Dewey Decimal Classification
Holdings
Withdrawn status Lost status Source of classification or shelving scheme Damaged status Not for loan Collection code Home library Current library Shelving location Date acquired Serial Enumeration / chronology Total Checkouts Total Renewals Full call number Barcode Date last seen Date last checked out Price effective from Koha item type
    Dewey Decimal Classification     Main TEST RTC Library RTC Library Main opac 04/04/2019 13621 14 12 610.73 ANT 30013679 23/10/2025 23/10/2025 04/04/2019 Main
    Dewey Decimal Classification     Main TEST RTC Library RTC Library Main opac 04/04/2019 13622 11 12 610.73 ANT 30013299 05/12/2025 03/11/2025 04/04/2019 Main
Royal Thimphu College || All Right Reserved